000 00502nam a22001337a 4500
005 20241018085848.0
008 241018b |||||||| |||| 00| 0 eng d
100 _aSilvestre, Magnolia.
_eauthor.
_963168
245 _aPinot :
_bclassic, modern, and something in between /
_cMagnolia Silvestre.
260 _aPhilippines;
_bPhilippine Graphic Publishing Inc.,
_cSeptember 2019.
300 _aVolume 20, pages 24-27,
_billustration.
700 _aSilvestre, Magnolia.
_eauthor.
_963170
942 _2ddc
_cPER
999 _c22680
_d22680